Técnica jurídica para la redacción de escritos y sentencias /

Guardado en:
Autor Principal: Belluscio, Augusto C.
Formato: Libro
Idioma:Spanish
Publicado: Buenos Aires : La Ley, 2006
Edición:1a. ed.
Materias:
Etiquetas: Agregar Etiqueta
Sin Etiquetas, Sea el primero en etiquetar este registro!
LEADER 00603nam a22001695a 4500
001 DER.der001317
008 180615s2006####ag#||||||||||||||#||spa||
005 20250207105448.0
245 1 0 |a Técnica jurídica para la redacción de escritos y sentencias /  |c Augusto César Belluscio. 
250 |a 1a. ed. 
260 |a Buenos Aires :  |b La Ley,  |c 2006 
300 |a 84 p. 
500 |a Suplemento especial de la revista jurídica Argentina La Ley. 
100 1 |a Belluscio, Augusto C. 
650 7 |a INVESTIGACION 
859 |a DERECHO  |b BIB. DERECHO  |h 378.242  |i BEL  |p 003374 
859 |a DERECHO  |b BIB. DERECHO  |h 378.242  |i BEL  |p 003375  |t 1